MARC details
| 000 -CABECERA |
| campo de control de longitud fija |
02135nam a2200241 a 4500 |
| 001 - NÚMERO DE CONTROL |
| campo de control |
000000255 |
| 003 - IDENTIFICADOR DEL NÚMERO DE CONTROL |
| campo de control |
OSt |
| 005 - FECHA Y HORA DE LA ÚLTIMA TRANSACCIÓN |
| campo de control |
20210507143540.0 |
| 008 - DATOS DE LONGITUD FIJA--INFORMACIÓN GENERAL |
| campo de control de longitud fija |
081212s 1995 dr 000 0 spa d |
| 040 ## - FUENTE DE LA CATALOGACIÓN |
| Centro catalogador/agencia de origen |
DO-SdBNP |
| Lengua de catalogación |
spa |
| Centro/agencia transcriptor |
BNPHU |
| 082 #4 - NÚMERO DE LA CLASIFICACIÓN DECIMAL DEWEY |
| Número de clasificación |
174.3 |
| Número de documento/Ítem |
C577f |
| Número de edición |
00 |
| 100 1# - ENTRADA PRINCIPAL--NOMBRE DE PERSONA |
| Nombre de persona |
Ciprián, Rafael, |
| Fechas asociadas al nombre |
1959- |
| 9 (RLIN) |
839 |
| 245 13 - MENCIÓN DE TÍTULO |
| Título |
La función del abogado / |
| Mención de responsabilidad, etc. |
Rafael Ciprián. |
| 260 ## - PUBLICACIÓN, DISTRIBUCIÓN, ETC. |
| Lugar de publicación, distribución, etc. |
Santo Domingo : |
| Nombre del editor, distribuidor, etc. |
Alfa & Omega, |
| Fecha de publicación, distribución, etc. |
1995. |
| 300 ## - DESCRIPCIÓN FÍSICA |
| Extensión |
164 p. ; |
| Dimensiones |
21 cm. |
| 500 ## - NOTA GENERAL |
| Nota general |
Incluye datos biografícos del autor en la solapa de la portada. |
| 505 0# - NOTA DE CONTENIDO CON FORMATO |
| Título |
Una explicación necesaria -- |
| -- |
Abogados y abogados -- |
| -- |
Pobre de los abogados -- |
| -- |
¿Corsarios o abogados? -- |
| -- |
Abogados en quiebra -- |
| -- |
Abogados gana pan -- |
| -- |
Ineficacia judicial -- |
| -- |
Intolerancias -- |
| -- |
Juzguemos a los jueces -- |
| -- |
Corruptos: ¿abogados o jueces? -- |
| -- |
Abogados y conflictos -- |
| -- |
Abogados vergonzantes -- |
| -- |
Abogados perversos -- |
| -- |
Crisis y abogados -- |
| -- |
Las opciones del abogado -- |
| -- |
Confusión y abogados -- |
| -- |
Abogados o notarios -- |
| -- |
Abogados comejenes -- |
| -- |
Abogados a granel -- |
| -- |
La función del notario -- |
| -- |
Derecho y moral -- |
| -- |
Corrupción judicial -- |
| -- |
Abogados y sociedad -- |
| -- |
La pena de muerte -- |
| -- |
La ley Torricelli -- |
| -- |
Abogados en crisis -- |
| -- |
Abogados y prostitutas -- |
| -- |
Los desacatados -- |
| -- |
Sociedad y justicia -- |
| -- |
Abogados-resuelve -- |
| -- |
Hay jueces corruptos -- |
| -- |
Fiscalía y corrupción -- |
| -- |
Abogados-notarios en acción -- |
| -- |
Injurias abogadiles -- |
| -- |
Abogados proletarizados -- |
| -- |
!Abogados¡ ¿abogados? -- |
| -- |
Colegas-abogados indignos -- |
| -- |
Potencialidades del abogado -- |
| -- |
Abogados ilusos -- |
| -- |
Abogados marrulleros -- |
| -- |
Abogados y notarios juntos -- |
| -- |
Pobre poder judicial -- |
| -- |
¿Fiscal o activista político? -- |
| -- |
La ley de la necesidad -- |
| -- |
Sociedad y delincuencia -- |
| -- |
Respetemos la ley -- |
| -- |
Ley y autoridades -- |
| -- |
La ilegalidad mal legalizada -- |
| -- |
La venganza privada -- |
| -- |
La justicia dominicana a la deriva -- |
| -- |
La función del abogado -- |
| -- |
¿Justicia?: ¡corrupción! -- |
| -- |
Abogados al grito. |
| 590 ## - NOTA LOCAL (RLIN) |
| Nota local |
Inventariado, 2018/MFF |
| 650 #4 - PUNTO DE ACCESO ADICIONAL DE MATERIA--TÉRMINO DE MATERIA |
| Término de materia o nombre geográfico como elemento de entrada |
Abogados |
| Subdivisión general |
Ética profesional |
| 9 (RLIN) |
840 |
| 650 #4 - PUNTO DE ACCESO ADICIONAL DE MATERIA--TÉRMINO DE MATERIA |
| Término de materia o nombre geográfico como elemento de entrada |
Abogados |
| Subdivisión general |
Responsabilidad profesional |
| 9 (RLIN) |
841 |
| 910 ## - DATOS DE OPCIÓN DEL USUARIO (OCLC) |
| Datos de opción del usuario |
Validado. Control de calidad MMOLINA |
| 942 ## - ELEMENTOS DE PUNTO DE ACCESO ADICIONAL (KOHA) |
| Fuente del sistema de clasificación o colocación |
Dewey Decimal Classification |
| Tipo de ítem Koha |
Libro |